| 000 | 00700nam a2200241 a 4500 | ||
|---|---|---|---|
| 001 | BRL_970 | ||
| 005 | 20190320210956.0 | ||
| 008 | 301013s1961----mx-#######---#000-0#spa-# | ||
| 041 | _aspa | ||
| 044 | _amx | ||
| 050 | 4 |
_aPQ7297.B32 _b.R49 1961 |
|
| 100 | 1 |
_aBenítez, Fernando _912903 |
|
| 245 | 1 | 0 |
_aEl Rey Viejo _cFernando Benítez. |
| 250 | _a3a ed. | ||
| 260 |
_aMéxico _bFondo de Cultura Económica _c1961 |
||
| 300 |
_a203 p. _c17 cm. |
||
| 500 | _aAu1113 | ||
| 600 | 1 | 4 |
_aCarranza, Venustiano _cPresidente de México _d1859-1920 _vNovela _925471 |
| 650 | 1 | 4 |
_anovela mexicana _ySiglo XX _923904 |
| 651 | 4 |
_aMéxico _vNovela _yRevolución, 1910-1920 _925472 |
|
| 902 | _aGRL | ||
| 942 |
_2lcc _cB |
||
| 999 |
_c9782 _d9782 |
||